000 00261nam a22001217a 4500
008 181016b xxu||||| |||| 00| 0 eng d
041 _aeng
080 _a320
100 _a21
101 _aSHP
245 _aEvaluative Research
_cSuchman,E.A
942 _2udc
_cBK
999 _c49829
_d49829